[Event "Pfalz op-A 11th"]
[Site "Neustadt an der Weinstrasse"]
[Date "2020.02.22"]
[Round "3"]
[White "Lubbe, Nikolas"]
[Black "Proettel, Swen"]
[Result "1-0"]
[WhiteElo "2453"]
[BlackElo "2069"]
[PlyCount "53"]
[EventDate "2020.02.21"]
[EventType "swiss"]
[EventRounds "9"]
[EventCountry "GER"]
[SourceTitle "CBM 195 Extra"]
[Source "ChessBase"]
[SourceDate "2020.05.31"]
[SourceVersion "1"]
[SourceVersionDate "2020.05.31"]
[SourceQuality "1"]

1. e4 c6 2. Nf3 d5 3. Nc3 dxe4 4. Nxe4 Nf6 5. Ng3 e6 6. d4 Bd6 7. Bd3 Nbd7 8. 0-0 0-0 9. Re1 Qc7 10. Qe2 b6 11. Ne4 Bf4 12. Bxf4 Qxf4 13. Ne5 Nxe4 14. Bxe4 Nxe5 15. dxe5 Bb7 16. g3 Qg5 17. Qf3 Rfd8 18. b4 Rd5 19. Bxd5 cxd5 20. c4 Qe7 21. c5 bxc5 22. bxc5 Qxc5 23. Rec1 Qe7 24. Rab1 g6 25. a4 Rd8 26. Qf6 Qd7 27. Rxb7 1-0

[Event "Rheinhausen-ch op 18th"]
[Site "Rheinhausen"]
[Date "2014.02.07"]
[Round "3"]
[White "Hartmann, Karl Heinz"]
[Black "Proettel, Swen"]
[Result "1-0"]
[WhiteElo "1893"]
[BlackElo "2156"]
[PlyCount "143"]
[EventDate "2014.01.10"]
[EventType "swiss"]
[EventRounds "7"]
[EventCountry "GER"]
[SourceTitle "EXT 2017"]
[Source "ChessBase"]
[SourceDate "2016.10.25"]
[SourceVersion "1"]
[SourceVersionDate "2016.10.25"]
[SourceQuality "1"]

1. d4 Nf6 2. Nf3 g6 3. c3 Bg7 4. Bf4 d6 5. e3 0-0 6. Bd3 Nc6 7. Bc2 Nh5 8. Bg5 h6 9. Bh4 Qe8 10. d5 Ne5 11. Nxe5 dxe5 12. g4 g5 13. Bxg5 hxg5 14. gxh5 f5 15. h3 e6 16. Rg1 Bf6 17. c4 exd5 18. cxd5 Kg7 19. Qd2 Qxh5 20. Nc3 Bd7 21. Ne2 e4 22. 0-0-0 Qe8 23. Ng3 Rh8 24. f4 exf3 25. Bxf5 Rd8 26. Rdf1 Qe5 27. Rxf3 Bb5 28. Be6 c6 29. Rf5 Qc7 30. Kb1 cxd5 31. Rxd5 Rxd5 32. Qxd5 Bc6 33. Qf5 Qe5 34. Qxe5 Bxe5 35. Bf5 Rd8 36. Kc2 Kf6 37. Bg4 Bxg3 38. Rxg3 Be4+ 39. Kc1 Rd5 40. b4 Rb5 41. a3 a5 42. Be2 Rb6 43. b5 Rd6 44. Bf3 Bd3 45. a4 b6 46. Bc6 Bf5 47. e4 Bg6 48. e5+ Kxe5 49. Rxg5+ Kf6 50. Rd5 Rxd5 51. Bxd5 Ke5 52. Bb3 Kd4 53. Kd2 Kc5 54. Kc3 Bh5 55. h4 Kd6 56. Kd4 Ke7 57. Ke5 Be2 58. Kf5 Kd6 59. Kg5 Kc5 60. h5 Bd3 61. h6 Kb4 62. Bd1 Kc3 63. Kf6 Kd2 64. Bh5 Bc2 65. Bg6 Bxa4 66. h7 Bxb5 67. h8Q Kc3 68. Qd8 a4 69. Qxb6 Bc4 70. Bf7 Bb3 71. Qe3+ Kb2 72. Qd2+ 1-0

[Event "Rheinhausen-ch op 18th"]
[Site "Rheinhausen"]
[Date "2014.01.24"]
[Round "2"]
[White "Proettel, Swen"]
[Black "Grigat, Klaus Dieter"]
[Result "1-0"]
[WhiteElo "2156"]
[BlackElo "1792"]
[PlyCount "103"]
[EventDate "2014.01.10"]
[EventType "swiss"]
[EventRounds "7"]
[EventCountry "GER"]
[SourceTitle "EXT 2017"]
[Source "ChessBase"]
[SourceDate "2016.10.25"]
[SourceVersion "1"]
[SourceVersionDate "2016.10.25"]
[SourceQuality "1"]

1. e4 g6 2. Nc3 Bg7 3. f4 d6 4. Bc4 Nc6 5. Nf3 e5 6. fxe5 Nxe5 7. Nxe5 dxe5 8. d3 Nf6 9. 0-0 Qd6 10. Qe1 Be6 11. Nb5 Qc6 12. Bxe6 Qxb5 13. Bb3 Rf8 14. a4 Qd7 15. a5 a6 16. Kh1 Ng8 17. Qb4 0-0-0 18. Be3 f5 19. Ba4 c6 20. Qb6 Rde8 21. exf5 gxf5 22. Qa7 Qc7 23. Bb3 f4 24. Bg1 Nf6 25. Bc5 Rh8 26. Ra4 Nd7 27. Bg1 Bf8 28. Bf7 Re7 29. Bh5 Rg7 30. Re1 Qb8 31. Qf2 Bc5 32. Qh4 Bxg1 33. Rxg1 Qd6 34. Qf2 Nf6 35. Bf3 Ng4 36. Bxg4+ Rxg4 37. Qa7 Rhg8 38. Re4 R4g5 39. Qf2 h5 40. d4 Qd5 41. Rxe5 Rxe5 42. dxe5 Qxe5 43. b4 Qg5 44. c4 h4 45. b5 cxb5 46. cxb5 h3 47. bxa6 bxa6 48. Rc1+ Kd7 49. Qa7+ Kd6 50. Qb6+ Ke7 51. Rc7+ Ke8 52. Qe6+ 1-0

[Event "Rheinhausen-ch 12th"]
[Site "Duisburg Rheinhausen"]
[Date "2008.02.08"]
[Round "4"]
[White "Zielinski, Werner"]
[Black "Proettel, Swen"]
[Result "0-1"]
[WhiteElo "1902"]
[BlackElo "2115"]
[PlyCount "62"]
[EventDate "2008.01.11"]
[EventType "swiss"]
[EventRounds "7"]
[EventCountry "GER"]
[SourceTitle "EXT 2018"]
[Source "ChessBase"]
[SourceDate "2017.10.13"]
[SourceVersion "1"]
[SourceVersionDate "2017.10.13"]
[SourceQuality "1"]

1. d4 f5 2. g3 Nf6 3. Bg2 d6 4. Nf3 g6 5. 0-0 Bg7 6. c4 0-0 7. Nc3 Nc6 8. d5 Ne5 9. Nxe5 dxe5 10. e4 f4 11. Re1 g5 12. c5 Qe8 13. a4 a6 14. b4 Bd7 15. Ba3 h5 16. b5 fxg3 17. hxg3 axb5 18. axb5 Bc8 19. Bb2 Rxa1 20. Bxa1 h4 21. Re3 h3 22. Bf3 g4 23. Be2 Bh6 24. Rd3 Qg6 25. d6 exd6 26. cxd6 Nxe4 27. d7 h2+ 28. Kxh2 Qh5+ 29. Kg1 Nxf2 30. Qb3+ Kh8 31. Qd5 Nh3+ 0-1

[Event "Duisburg Grossenbaum op"]
[Site "Duisburg"]
[Date "2006.07.02"]
[Round "6"]
[White "Proettel, Swen"]
[Black "Mazarov, Juergen"]
[Result "1/2-1/2"]
[WhiteElo "2176"]
[BlackElo "2020"]
[PlyCount "54"]
[EventDate "2006.06.02"]
[EventType "swiss"]
[EventRounds "7"]
[EventCountry "GER"]
[SourceTitle "EXT 2007"]
[Source "ChessBase"]
[SourceDate "2006.11.23"]
[SourceVersion "1"]
[SourceVersionDate "2006.11.23"]
[SourceQuality "1"]

1. e4 c5 2. Nc3 a6 3. a4 b6 4. Nf3 Bb7 5. d4 cxd4 6. Nxd4 d6 7. Bg5 Qc7 8. Bd3 e6 9. 0-0 Nd7 10. Qe2 Be7 11. Bxe7 Nxe7 12. Qg4 Ng6 13. Qg3 0-0 14. Kh1 Nf6 15. Rad1 Rac8 16. Rd2 Rfd8 17. Rfd1 Nh5 18. Qe3 Nf6 19. Nb3 Rd7 20. Be2 Rcd8 21. f4 e5 22. f5 Ne7 23. Bf3 d5 24. exd5 Nexd5 25. Nxd5 Nxd5 26. Qg5 f6 27. Qh5 Qc8 1/2-1/2

[Event "Rheinhausen-ch 10th"]
[Site "Duisburg Rheinhausen"]
[Date "2006.03.31"]
[Round "7.4"]
[White "Menzel, Josef"]
[Black "Proettel, Swen"]
[Result "0-1"]
[WhiteElo "1933"]
[BlackElo "2111"]
[PlyCount "132"]
[EventDate "2006.01.06"]
[EventType "swiss"]
[EventRounds "7"]
[EventCountry "GER"]
[SourceTitle "EXT 2007"]
[Source "ChessBase"]
[SourceDate "2006.11.23"]
[SourceVersion "1"]
[SourceVersionDate "2006.11.23"]
[SourceQuality "1"]

1. d4 c5 2. c3 Nf6 3. Nf3 d5 4. g3 e6 5. Bg2 Be7 6. 0-0 Nc6 7. Nbd2 cxd4 8. cxd4 0-0 9. b3 b6 10. Bb2 Bb7 11. Ne5 Nxe5 12. dxe5 Nd7 13. e4 Nc5 14. exd5 Bxd5 15. Nf3 Qd7 16. Qe2 Qb7 17. Rfd1 Rfd8 18. Ne1 Ne4 19. Bxe4 Bxe4 20. f3 Bc6 21. Kg2 Rac8 22. Rxd8+ Rxd8 23. Rd1 Rc8 24. h4 h6 25. Bc1 Bd5 26. Bd2 Ba3 27. g4 a5 28. Kg3 a4 29. Qb5 axb3 30. axb3 Bb2 31. f4 Bc3 32. Bxc3 Rxc3+ 33. Rd3 Rc1 34. Re3 Bh1 35. Qf1 Qc6 36. Kh2 Bd5 37. Qd3 b5 38. f5 b4 39. fxe6 fxe6 40. Re2 Rc3 41. Qg6 Bf3 42. Rd2 Bd5 43. Rf2 Be4 44. Qf7+ Kh7 45. Rf6 Rc2+ 46. Nxc2 Qxc2+ 47. Rf2 Qxb3 48. g5 Bg6 49. Qf3 Qxf3 50. Rxf3 Bc2 51. Rf4 b3 52. Rb4 hxg5 53. Kg3 Kg6 54. hxg5 Kxg5 55. Rb5 Kf5 56. Kf3 g5 57. Ke3 Kg4 58. Kd2 Kf4 59. Rc5 g4 60. Rc4+ Kf3 61. Rc8 g3 62. Rf8+ Bf5 63. Rxf5+ exf5 64. e6 g2 65. e7 g1Q 66. e8Q Qd4+ 0-1

[Event "Goch op 16th"]
[Site "Goch"]
[Date "2005.10.02"]
[Round "5"]
[White "Proettel, Swen"]
[Black "Riedel, Holger"]
[Result "1-0"]
[WhiteElo "2170"]
[BlackElo "2247"]
[PlyCount "45"]
[EventDate "2005.09.30"]
[EventType "swiss"]
[EventRounds "7"]
[EventCountry "GER"]
[SourceTitle "EXT 2007"]
[Source "ChessBase"]
[SourceDate "2006.11.23"]
[SourceVersion "1"]
[SourceVersionDate "2006.11.23"]
[SourceQuality "1"]

1. Nf3 b5 2. e4 a6 3. d4 Bb7 4. Bd3 e6 5. 0-0 c5 6. c3 Nf6 7. e5 Nd5 8. Bg5 Qc7 9. Nbd2 h6 10. Be3 Nc6 11. Rc1 c4 12. Bb1 f5 13. exf6 gxf6 14. Bg6+ Ke7 15. Be4 Nd8 16. Nh4 Kd6 17. Bxd5 Bxd5 18. Bf4+ e5 19. dxe5+ fxe5 20. Bxe5+ Kxe5 21. Ng6+ Kf6 22. Nxh8 Kg7 23. Qg4+ 1-0

[Event "Goch op 16th"]
[Site "Goch"]
[Date "2005.10.01"]
[Round "3"]
[White "Proettel, Swen"]
[Black "Polster, Wolfgang"]
[Result "1/2-1/2"]
[WhiteElo "2170"]
[BlackElo "2281"]
[PlyCount "45"]
[EventDate "2005.09.30"]
[EventType "swiss"]
[EventRounds "7"]
[EventCountry "GER"]
[SourceTitle "EXT 2007"]
[Source "ChessBase"]
[SourceDate "2006.11.23"]
[SourceVersion "1"]
[SourceVersionDate "2006.11.23"]
[SourceQuality "1"]

1. Nf3 f5 2. c4 g6 3. d4 c6 4. Nc3 Bg7 5. e4 fxe4 6. Nxe4 d5 7. Neg5 Nh6 8. Bd3 Qd6 9. 0-0 0-0 10. Re1 Nf5 11. Bf1 h6 12. Nh3 g5 13. Ne5 Nxd4 14. Qxd4 Bxh3 15. gxh3 Nd7 16. f4 gxf4 17. Bxf4 Rxf4 18. Qxf4 Nxe5 19. Bg2 Qc5+ 20. Kh1 Nd3 21. Qe3 Nf2+ 22. Kg1 Nxh3+ 23. Kh1 1/2-1/2

[Event "Goch op 16th"]
[Site "Goch"]
[Date "2005.09.30"]
[Round "1"]
[White "Proettel, Swen"]
[Black "Der, Josef"]
[Result "1/2-1/2"]
[WhiteElo "2170"]
[BlackElo "1778"]
[PlyCount "72"]
[EventDate "2005.09.30"]
[EventType "swiss"]
[EventRounds "7"]
[EventCountry "GER"]
[SourceTitle "EXT 2007"]
[Source "ChessBase"]
[SourceDate "2006.11.23"]
[SourceVersion "1"]
[SourceVersionDate "2006.11.23"]
[SourceQuality "1"]

1. c4 c5 2. Nc3 Nc6 3. g3 g6 4. Bg2 Bg7 5. d3 d6 6. e4 e5 7. Nge2 Nge7 8. 0-0 0-0 9. Rb1 Rb8 10. Be3 Be6 11. a3 a5 12. h3 Qd7 13. Kh2 f5 14. f4 fxe4 15. Nxe4 Nf5 16. Bg1 Nfd4 17. Nxd4 Nxd4 18. Ng5 Kh8 19. Nxe6 Nxe6 20. fxe5 Bxe5 21. b4 axb4 22. axb4 Rxf1 23. Qxf1 Rf8 24. Qd1 b6 25. bxc5 bxc5 26. Rb7 Qd8 27. Qg4 Qf6 28. Bd5 Nd4 29. Qd7 Qh4 30. Kh1 Qh6 31. Be3 Qh5 32. Bg2 Nf5 33. g4 Ng3+ 34. Kg1 Ne2+ 35. Kh1 Ng3+ 36. Kh2 Ne2+ 1/2-1/2

[Event "Rheinhausen op"]
[Site "Duisburg"]
[Date "2004.02.27"]
[Round "5"]
[White "Haverkamp, Wilfried"]
[Black "Proettel, Swen"]
[Result "0-1"]
[WhiteElo "1954"]
[BlackElo "2131"]
[PlyCount "65"]
[EventDate "2004.01.09"]
[EventType "swiss"]
[EventRounds "7"]
[EventCountry "GER"]
[SourceTitle "EXT 2006"]
[Source "ChessBase"]
[SourceDate "2005.11.24"]
[SourceVersion "1"]
[SourceVersionDate "2005.11.24"]
[SourceQuality "1"]

1. d4 Nf6 2. Nc3 d5 3. Bg5 Bf5 4. f3 Nbd7 5. e4 dxe4 6. Bc4 e3 7. Bxe3 c6 8. Qd2 e6 9. Nge2 Bb4 10. g4 Bg6 11. Nf4 Nb6 12. Bb3 Nbd5 13. g5 Nxf4 14. gxf6 Nd5 15. fxg7 Rg8 16. 0-0-0 Qa5 17. Bxd5 cxd5 18. Qe1 Rc8 19. Bd2 Bxc3 20. Bxc3 Qxa2 21. Kd2 Qa4 22. Rc1 Rxg7 23. Rg1 Kd7 24. Qe3 Rgg8 25. Rg3 Rc6 26. Rg2 Rgc8 27. Ke1 b5 28. Kf1 b4 29. Be1 Bxc2 30. Qf4 Bd3+ 31. Kg1 Rxc1 32. Qxf7+ Kc6 33. Qf4 0-1

[Event "Muensterland op 21st"]
[Site "Senden"]
[Date "2003.10.21"]
[Round "6"]
[White "Proettel, Swen"]
[Black "Schlawin, Marlon"]
[Result "0-1"]
[WhiteElo "2184"]
[BlackElo "2293"]
[PlyCount "126"]
[EventDate "2003.10.17"]
[EventType "swiss"]
[EventRounds "9"]
[EventCountry "GER"]
[SourceTitle "EXT 2004"]
[Source "ChessBase"]
[SourceDate "2003.11.25"]
[SourceVersion "1"]
[SourceVersionDate "2003.11.25"]
[SourceQuality "1"]

1. e4 Nf6 2. e5 Nd5 3. d4 d6 4. c4 Nb6 5. exd6 cxd6 6. Nc3 g6 7. Be3 Bg7 8. Rc1 0-0 9. b3 e5 10. dxe5 dxe5 11. Qxd8 Rxd8 12. c5 N6d7 13. Nf3 Nc6 14. Bc4 h6 15. Ne4 Na5 16. Be2 Nf8 17. b4 Nc6 18. b5 Nd4 19. Nxd4 exd4 20. Bd2 Be6 21. Nd6 Bd5 22. Bc4 Bxc4 23. Rxc4 b6 24. Nb7 Re8+ 25. Kd1 bxc5 26. Nxc5 Rac8 27. Rc1 Re5 28. Nb3 Rxc1+ 29. Bxc1 Rxb5 30. Re1 Ne6 31. Re2 Kf8 32. Ba3+ Kg8 33. Rc2 Be5 34. g3 Kg7 35. Ke2 Bc7 36. Bb2 Bb6 37. Kd3 Kf6 38. Rc4 Kf5 39. Nxd4+ Nxd4 40. Bxd4 Bxd4 41. Rxd4 Rb2 42. Rf4+ Ke6 43. Re4+ Kd5 44. Rd4+ Kc5 45. Rc4+ Kb5 46. Rc2 Rxc2 47. Kxc2 Kc4 48. h3 h5 49. g4 hxg4 50. hxg4 g5 51. Kd2 Kd4 52. Ke2 Kc3 53. Ke3 Kb2 54. a4 Kb3 55. a5 Kb4 56. Ke4 Kxa5 57. Kf5 Kb5 58. Kxg5 a5 59. Kf6 a4 60. Kxf7 a3 61. g5 a2 62. g6 a1Q 63. g7 Qa2+ 0-1

[Event "Essen Easter op 9th"]
[Site "Essen"]
[Date "2003.04.20"]
[Round "8"]
[White "Proettel, Swen"]
[Black "Schuh, Dirk"]
[Result "1-0"]
[WhiteElo "2185"]
[BlackElo "2252"]
[PlyCount "47"]
[EventDate "2003.04.16"]
[EventType "swiss"]
[EventRounds "9"]
[EventCountry "GER"]
[SourceTitle "CBM 093 Extra"]
[Source "ChessBase"]
[SourceDate "2003.05.09"]
[SourceVersion "1"]
[SourceVersionDate "2003.05.09"]
[SourceQuality "1"]

1. e4 e6 2. d4 d5 3. Nd2 Nf6 4. e5 Nfd7 5. f4 c5 6. c3 Nc6 7. Ndf3 Qb6 8. g3 cxd4 9. cxd4 Bb4+ 10. Kf2 g5 11. Be3 g4 12. Nd2 Nf8 13. a3 Be7 14. b4 h5 15. h4 gxh3 16. Ngf3 Bd7 17. Bd3 0-0-0 18. Nb3 Kb8 19. b5 Na5 20. Nxa5 Qxa5 21. Bd2 Qb6 22. Qa4 a5 23. Bxa5 Qa7 24. Bc7+ 1-0

[Event "Borbecker Oster op 8th"]
[Site "Essen"]
[Date "2002.03.29"]
[Round "4.5"]
[White "Kummerow, Heiko"]
[Black "Proettel, Swen"]
[Result "1-0"]
[WhiteElo "2310"]
[BlackElo "2162"]
[PlyCount "55"]
[EventDate "2002.03.27"]
[EventType "swiss"]
[EventRounds "9"]
[EventCountry "GER"]
[SourceTitle "CBM 087 Extra"]
[Source "ChessBase"]
[SourceDate "2002.05.03"]
[SourceVersion "2"]
[SourceVersionDate "2002.08.09"]
[SourceQuality "1"]

1. e4 c5 2. Nf3 d6 3. d4 cxd4 4. Nxd4 Nf6 5. Nc3 a6 6. Bg5 e6 7. f4 Be7 8. Qf3 Qc7 9. 0-0-0 Nc6 10. Nxc6 Qxc6 11. Be2 h6 12. Bh4 Qc7 13. Qg3 Rg8 14. e5 dxe5 15. fxe5 Nh7 16. Bxe7 Qxe7 17. Ne4 Kf8 18. Rhf1 Bd7 19. Bh5 g6 20. Bxg6 Be8 21. h4 Rc8 22. Nd6 Rc7 23. Qd3 Ng5 24. Kb1 Kg7 25. Bh5 Nh7 26. Qh3 Rf8 27. Rf4 Rc5 28. Qe3 1-0

[Event "Rheinhausen op 6th"]
[Site "Rheinhausen"]
[Date "2002.03.01"]
[Round "5"]
[White "Vasiljev, Jurij"]
[Black "Proettel, Swen"]
[Result "1/2-1/2"]
[WhiteElo "1971"]
[BlackElo "2129"]
[PlyCount "122"]
[EventDate "2002.03.??"]
[EventType "swiss"]
[EventRounds "5"]
[EventCountry "GER"]
[SourceTitle "EXT 2008"]
[Source "ChessBase"]
[SourceDate "2007.11.25"]
[SourceVersion "1"]
[SourceVersionDate "2007.11.25"]
[SourceQuality "1"]

1. d4 f5 2. c4 Nf6 3. Nc3 g6 4. g3 Bg7 5. Bg2 0-0 6. Nf3 d6 7. 0-0 Qe8 8. Re1 Qf7 9. Qb3 Ne4 10. Be3 Nxc3 11. bxc3 h6 12. Rad1 c6 13. Bc1 e5 14. e4 fxe4 15. Rxe4 Bf5 16. Re3 Be6 17. Ba3 exd4 18. cxd4 Bxc4 19. Qc2 Nd7 20. Rde1 Nb6 21. Bxd6 Qf5 22. Qd2 Rfd8 23. Nh4 Qd7 24. Be5 Bf7 25. Qc1 Nc4 26. Bxg7 Kxg7 27. Re7 Qxd4 28. Bf1 Nd6 29. R1e6 Rh8 30. Nxg6 Rh7 31. Nh4 Kf8 32. Qa3 Bxe6 33. Rxh7 Kg8 34. Rxh6 Rf8 35. Qe3 Qxe3 36. fxe3 Re8 37. Bd3 Nf7 38. Rg6+ Kf8 39. Rf6 Ke7 40. Rf4 Kd7 41. Ra4 a6 42. Rd4+ Kc7 43. a3 c5 44. Rf4 Rd8 45. Bf5 Bb3 46. Nf3 Rd1+ 47. Kf2 Ra1 48. g4 Rxa3 49. g5 c4 50. g6 Nh6 51. Be6 c3 52. Bxb3 Rxb3 53. g7 Rb2+ 54. Kg3 b5 55. Nd4 Rd2 56. Rf6 Rxd4 57. Rxh6 c2 58. g8Q c1Q 59. Qf7+ Rd7 60. Qf4+ Kb7 61. Qe4+ Ka7 1/2-1/2

[Event "Rheinhausen op 6th"]
[Site "Rheinhausen"]
[Date "2002.01.11"]
[Round "1"]
[White "Reisloh, Carsten"]
[Black "Proettel, Swen"]
[Result "0-1"]
[WhiteElo "1614"]
[BlackElo "2129"]
[PlyCount "90"]
[EventDate "2002.03.??"]
[EventType "swiss"]
[EventRounds "5"]
[EventCountry "GER"]
[SourceTitle "EXT 2008"]
[Source "ChessBase"]
[SourceDate "2007.11.25"]
[SourceVersion "1"]
[SourceVersionDate "2007.11.25"]
[SourceQuality "1"]

1. d4 Nf6 2. c4 g6 3. Nc3 Bg7 4. e4 d6 5. Nf3 0-0 6. Bd3 Nc6 7. 0-0 Bg4 8. Be3 e5 9. Be2 Bxf3 10. Bxf3 exd4 11. Bxd4 Nxd4 12. Qxd4 Re8 13. Qd3 Nd7 14. Qd2 Bxc3 15. Qxc3 Qf6 16. Qxf6 Nxf6 17. Rfe1 Re5 18. Re2 Rae8 19. Rae1 g5 20. g3 g4 21. Bg2 a5 22. f4 gxf3 23. Bxf3 R8e7 24. a3 a4 25. Kf2 Kf8 26. Re3 b6 27. h3 Ke8 28. Bg2 Kd7 29. Kf3 Kc6 30. Bf1 Nd7 31. g4 Nc5 32. h4 h6 33. Bd3 Ne6 34. Kf2 Nd4 35. Rd1 Kc5 36. Rde1 R7e6 37. Kg3 Rf6 38. Rf1 Rxf1 39. Bxf1 Re7 40. Kf4 f6 41. Bd3 Re5 42. Kg3 h5 43. gxh5 Nf5+ 44. Kf4 Nxe3 45. Kxe3 Rxh5 0-1

[Event "Goch op 11th"]
[Site "Goch"]
[Date "2000.10.15"]
[Round "7"]
[White "Proettel, Swen"]
[Black "Bock, Juergen"]
[Result "1-0"]
[WhiteElo "2137"]
[BlackElo "2245"]
[PlyCount "64"]
[EventDate "2000.10.12"]
[EventType "swiss"]
[EventRounds "7"]
[EventCountry "GER"]
[SourceTitle "EXT 2002"]
[Source "ChessBase"]
[SourceDate "2001.11.25"]
[SourceVersion "1"]
[SourceVersionDate "2001.11.25"]
[SourceQuality "1"]

1. e4 c6 2. d4 d5 3. e5 Bf5 4. Nf3 e6 5. Be2 c5 6. 0-0 Ne7 7. c4 Bxb1 8. Rxb1 Nec6 9. dxc5 Bxc5 10. cxd5 Qxd5 11. Qa4 Bb4 12. a3 Be7 13. Rd1 Qa5 14. Qg4 Nxe5 15. Qxg7 Ng6 16. b4 Qf5 17. Bb2 Rf8 18. Nd4 Qg5 19. Bb5+ Nc6 20. Nxc6 Qxb5 21. Nxe7 Nxe7 22. Qxh7 Rd8 23. Bg7 Rxd1+ 24. Rxd1 Qe2 25. Rf1 Qa2 26. Bxf8 Kxf8 27. Qd3 Nd5 28. h4 a6 29. h5 Qb2 30. h6 Kg8 31. Rb1 Qf6 32. h7+ Kh8 1-0

[Event "Goch op 11th"]
[Site "Goch"]
[Date "2000.10.13"]
[Round "2"]
[White "Berens, Thomas"]
[Black "Proettel, Swen"]
[Result "0-1"]
[WhiteElo "1851"]
[BlackElo "2137"]
[PlyCount "24"]
[EventDate "2000.10.12"]
[EventType "swiss"]
[EventRounds "7"]
[EventCountry "GER"]
[SourceTitle "EXT 2002"]
[Source "ChessBase"]
[SourceDate "2001.11.25"]
[SourceVersion "1"]
[SourceVersionDate "2001.11.25"]
[SourceQuality "1"]

1. d4 Nf6 2. c4 c5 3. Nf3 e6 4. Nc3 cxd4 5. Nxd4 a6 6. g3 Qc7 7. Qd3 Nc6 8. b3 Nxd4 9. Qxd4 Bc5 10. Qd3 Ng4 11. Ne4 Qc6 12. Bg2 Nxf2 0-1